[Event "3rd Sharjah Masters 2019"]
[Site "Sharjah"]
[Date "2019.03.24"]
[Round "3.12"]
[White "Aditya, Mittal"]
[Black "Fier, Alexandr"]
[Result "0-1"]
[WhiteElo "2454"]
[BlackElo "2551"]
[Annotator "TA"]
[PlyCount "146"]
[EventDate "2019.03.22"]
[EventType "swiss"]
[EventCountry "UAE"]
[SourceTitle "playchess.com"]
[Source "ChessBase"]
[SourceQuality "1"]

{[%evp 14,146,26,21,9,0,0,0,0,-62,-29,-29,-27,-40,-32,-44,-28,-50,-54,-68,-54,-105,-108,-114,-109,-104,-112,-111,-85,-86,-81,-75,-74,-79,-69,-67,-66,-91,-46,-63,-44,-99,-102,-110,-102,-109,-72,-86,-54,-46,-47,-50,-54,-56,-64,-90,-81,-81,-86,-113,-113,-110,-104,-114,-119,-124,-112,-117,-111,-121,-118,-122,-116,-142,-90,-90,-90,-144,-115,-138,-146,-431,-417,-448,0,0,0,-181,64,-1100,-1093,-1093,-1078,-1078,-1007,-5073,-4806,-3445,-3263,-2743,-2085,-29942,-29946,-29958,-29951,-29965,-29964,-5701,-4663,-3968,-2430,-29976,-1815,-7626,-7120,-29976,-29977,-29977,-29978,-29978,-29979,-29979,-29980,-29983,-29984,-29984,-29985,-29985,-29986,-29986,-29986,-29987,-29988,-29988,-29989]} 1. d4 Nf6 2. c4 g6 3. Nc3 d5 4. cxd5 Nxd5 5. Bd2 Bg7 6. e4 Nb6 7. Be3 O-O 8. h3 e5 {[%cal Re5d4] D85: Exchange Grünfeld: Unusual White 7th moves and lines with 7 Nf3} 9. Nf3 (9. dxe5 Bxe5 10. Qc2 Nc6 11. Nf3 Bg7 12. Be2 Nb4 13. Qb1 Qe7 14. O-O Be6 15. a3 Nc6 16. Qc2 {0-1 (51) Indjic,A (2620)-Artemiev,V (2709) St Petersburg 2018}) 9... exd4 10. Bxd4 Bh6 {The position is equal.} 11. Bxb6 $146 (11. Qc2 $11) ({Predecessor:} 11. Bd3 Qe7 12. Qe2 Be6 13. O-O Nc6 14. Be3 Bg7 15. Rac1 Nb4 16. b3 Nxd3 17. Qxd3 {½-½ (59) Kurbasov,S (2196)-Popov,A (2302) ICCF email 2012}) 11... Qxd1+ 12. Rxd1 axb6 13. Bc4 c6 14. Ne5 Bg5 15. Nf3 Be7 16. e5 Na6 17. Ne4 {[#]} (17. Bxa6 $15 Rxa6 18. a3) 17... Nc5 $1 $17 {[%cal Rc5e4]} 18. Nxc5 bxc5 19. a3 b5 20. Bd3 Be6 21. Be4 Rfc8 22. O-O Ra4 23. Bc2 Ra7 24. Be4 Kf8 25. Rd2 Ke8 26. Rfd1 h5 27. Ne1 (27. h4 $15) 27... Bb3 28. Bc2 Bd5 29. Nd3 g5 30. Nc1 Rca8 31. Ne2 b4 32. axb4 cxb4 33. Nd4 Ra1 34. Bb3 Rxd1+ 35. Rxd1 Ra5 36. Rc1 Bxb3 37. Nxb3 Rxe5 {[%mdl 4096] Endgame KRB-KRN} 38. Nd4 c5 39. Nc6 {[#]} Rd5 $1 40. Re1 Rd7 41. Ne5 Rd6 42. Nc4 Ra6 43. b3 Ra8 (43... Kf8 $142 44. Ne5 Rd6) 44. g4 h4 45. Rd1 (45. Kg2 $142) 45... Ra2 46. Rd5 Rc2 47. Ne3 $2 {[%mdl 8192]} (47. Re5 $17) 47... Rc3 $19 48. Nf5 Rxb3 $2 ({Black should try} 48... Bf8 $19 49. Re5+ Kd7 50. Rd5+ Ke8 51. Re5+ Kd7) 49. Re5 $11 Rxh3 50. Nxe7 $2 (50. Rxe7+ $11 {and White has nothing to worry.} Kd8 51. Rxf7) 50... b3 $2 ({Black should play} 50... Kd7 $19 {White must now prevent ...b3.} 51. Nf5 Rc3 52. Rd5+ Kc6) 51. Rxc5 $2 {[%mdl 8192]} (51. Nf5+ $14 Kd7 52. Rxc5) 51... Kxe7 $14 {KR-KR} 52. Kg2 Kd6 53. Rxg5 Rd3 54. Rb5 Kc6 55. Rb8 Kc5 56. Rb7 f6 57. f4 Kd4 58. g5 fxg5 59. f5 Rg3+ 60. Kf2 Rh3 61. f6 g4 62. Rc7 Kd3 (62... Rf3+ $142 63. Kg2 h3+ 64. Kg1 b2 65. Rd7+ Kc3 66. Rc7+ Kb3 67. Rb7+ Ka2 68. Ra7+ Ra3 69. Rxa3+ Kxa3 70. Kf2 b1=Q 71. Kg3 Qf5 72. f7 Qxf7 73. Kh4 h2 74. Kg5 h1=Q 75. Kxg4 Qg2+ 76. Kh4 Qh7#) 63. Rb7 Rf3+ 64. Kg2 Kc2 {Black mates.} 65. Rc7+ Kb1 66. f7 b2 67. Rb7 Rf4 68. Rc7 g3 69. Kh3 Rf2 70. Rb7 g2 71. f8=Q Rxf8 72. Kxg2 Ra8 73. Kh3 Ra4 {Accuracy: White = 38%, Black = 66%.} 0-1

[Event "3rd Sharjah Masters 2019"]
[Site "Sharjah"]
[Date "2019.03.24"]
[Round "3.13"]
[White "Chanda, Sandipan"]
[Black "Dimakiling, Oliver"]
[Result "1/2-1/2"]
[WhiteElo "2534"]
[BlackElo "2423"]
[Annotator "TA"]
[PlyCount "101"]
[EventDate "2019.03.22"]
[EventType "swiss"]
[EventCountry "UAE"]
[SourceTitle "playchess.com"]
[Source "ChessBase"]
[SourceQuality "1"]

{[%evp 14,101,29,37,33,8,41,12,3,25,18,0,12,0,6,32,21,0,56,67,104,106,124,109,102,110,123,129,147,103,112,102,110,103,109,134,116,85,78,80,79,9,8,0,18,17,12,12,12,12,7,10,95,75,61,14,33,22,123,123,123,128,117,0,0,0,130,87,78,89,55,0,0,0,0,0,0,0,0,0,0,0,0,0,0,0,0,0,0,0]} 1. d4 Nf6 2. c4 d6 3. Nc3 e5 4. Nf3 exd4 5. Nxd4 g6 6. g3 Bg7 7. Bg2 O-O 8. O-O a5 {A24: English Opening vs King's Indian: Lines without ...Nc6} (8... Re8 9. Rb1 Nbd7 10. e4 Nc5 11. f3 c6 12. Be3 d5 13. Nc2 Na6 14. cxd5 cxd5 15. Bg5 Qb6+ 16. Kh1 {½-½ (79) Bauer,C (2636)-Le Roux,J (2539) Nimes 2018}) 9. h3 Na6 $146 ({Predecessor:} 9... h6 10. e4 Re8 11. Re1 c6 12. Be3 Na6 13. Qd2 Kh7 14. Rad1 Nc5 15. Qc2 Qc7 16. f4 {½-½ (41) Tisma,I (2221)-Vukovic,I (1854) Stari Banovci 2017}) 10. Ndb5 Re8 11. Re1 Nd7 12. Bf4 g5 13. Be3 Rxe3 $1 14. fxe3 Ne5 15. b3 Nc5 (15... Ng6 $11) 16. Rf1 $14 Be6 17. Nd4 Qd7 18. Kh2 Re8 19. Qc2 c6 20. Rad1 Ng6 21. Ne4 Nxe4 22. Qxe4 Bxc4 23. Qf5 Qxf5 24. Rxf5 Ba6 25. Rxa5 Rxe3 26. Nf5 Rxe2 {[#]} 27. Rxd6 (27. Kg1 $1 $16) 27... Bf8 $11 28. Rd8 h5 29. Nd4 Rb2 $1 30. Nf3 {Rf5 is the strong threat.} ({Not} 30. Rxg5 Bf1 $17) 30... Kg7 31. Rf5 $36 {[%mdl 2048] White has good play.} f6 32. Rd2 Rb1 (32... Rxd2 $11 {keeps the balance.} 33. Nxd2 h4) 33. Rd7+ Be7 34. Nd2 (34. h4 $5 {[%cal Rh4g5]} Kf7 35. hxg5 $16) 34... Rb2 35. Ne4 {Strongly threatening Rxf6.} h4 (35... Kf8 $11) 36. Rxf6 $1 $16 Rxa2 37. gxh4 gxh4 38. Kg1 (38. Rfd6 $16) 38... Ra1+ $1 $11 39. Kh2 ({White should try} 39. Kf2 $11 Ra2+ 40. Kg1) 39... Ra2 $16 40. Rf5 Kg8 41. Nc5 Bb5 42. Ne6 (42. Rd4 $14) 42... c5 $1 $11 {The position is equal.} 43. Rxe7 {[%mdl 64] [#] Deflection} Nxe7 44. Rf8+ Kh7 {And now ...Bc6 would win.} 45. Rf7+ {[%mdl 64] Double Attack} Kg6 46. Rxe7 Kf6 $1 {[%cal Rf6e7]} 47. Rxb7 Bc6 48. Rb6 Rxg2+ 49. Kh1 Re2+ 50. Rxc6 {Intending Nd4+ and mate.} Rxe6 51. Rxc5 {Accuracy: White = 63%, Black = 61%.} 1/2-1/2

[Event "3rd Sharjah Masters 2019"]
[Site "Sharjah"]
[Date "2019.03.24"]
[Round "3.14"]
[White "Debashis, Das"]
[Black "Kunal, M.."]
[Result "1/2-1/2"]
[WhiteElo "2532"]
[BlackElo "2258"]
[Annotator "TA"]
[PlyCount "34"]
[EventDate "2019.03.22"]
[EventType "swiss"]
[EventCountry "UAE"]
[SourceTitle "playchess.com"]
[Source "ChessBase"]
[SourceQuality "1"]

{[%evp 24,34,19,19,30,18,35,39,71,-34,-20,-25,238]} 1. c4 Nf6 2. d4 e6 3. Nc3 Bb4 4. Nf3 {[%cal Bg1f3,Bf3e1,Be1c2][%mdl 32]} b6 5. e3 Bb7 6. Bd3 Ne4 7. O-O Bxc3 8. bxc3 O-O 9. Ne1 f5 10. f3 Nf6 11. c5 {E43: Nimzo-Indian: Rubinstein: 4...b6} (11. Nc2 Qe8 12. a4 d6 13. a5 bxa5 14. Rxa5 Nbd7 15. c5 dxc5 16. Ba3 Rf7 17. Bxc5 Nxc5 18. Rxc5 Qc8 {½-½ (63) Fressinet,L (2657)-Lopez Martinez,J (2607) Heraklio 2017}) 11... bxc5 12. Ba3 Nd5 13. Qc1 {LiveBook: 3 Games. The position is equal.} Qg5 14. Nc2 Ba6 15. c4 f4 $146 {[%cal Rf4e3] [#]} ({Predecessor:} 15... Nb6 16. Ne1 Nc6 17. dxc5 Nc8 18. f4 Qe7 {0-1 (36) Tabatabaei,M (2486)-Toufighi,H (2379) Teheran 2016}) 16. e4 ({Of course not} 16. Bxc5 d6 $15) ({Much weaker is} 16. dxc5 fxe3 17. g3 h6 $11) (16. Rd1 $1 $16 Nxe3 17. Nxe3 fxe3 18. Be4) 16... Nb6 $1 $15 17. Bxc5 Qd8 $2 {[%mdl 8192]} (17... d6 $11 18. Bxb6 axb6) 1/2-1/2

[Event "3rd Sharjah Masters 2019"]
[Site "Sharjah"]
[Date "2019.03.24"]
[Round "3.15"]
[White "Praveen Kumar C"]
[Black "Vishnu, Prasanna. V"]
[Result "1/2-1/2"]
[WhiteElo "2243"]
[BlackElo "2524"]
[Annotator "TA"]
[PlyCount "64"]
[EventDate "2019.03.22"]
[EventType "swiss"]
[EventCountry "UAE"]
[SourceTitle "playchess.com"]
[Source "ChessBase"]
[SourceQuality "1"]

{[%evp 12,64,34,20,37,33,36,23,6,0,18,5,27,-4,31,29,42,24,27,29,51,35,50,19,27,34,43,3,12,0,20,22,47,39,60,57,59,54,72,31,32,41,41,15,43,24,25,10,23,31,21,10,10,10,10]} 1. d4 d5 2. c4 e6 3. Nf3 Nf6 4. g3 g6 5. Bg2 Bg7 6. O-O O-O 7. Qc2 Na6 {D77: Fianchetto Grünfeld: 6 0-0: Replies other than 6...c6} (7... Nc6 8. Rd1 a5 9. a3 Ne7 10. Nc3 b6 11. Bf4 Bb7 12. cxd5 exd5 13. Rac1 Ne8 14. b4 axb4 15. axb4 {1-0 (30) Matlakov,M (2691)-Lu,S (2595) Ningbo 2015}) 8. Rd1 b6 9. Bf4 Bb7 {White has an edge.} 10. a3 c5 11. Nc3 Qe7 12. cxd5 exd5 13. Be5 $146 ({Predecessor:} 13. Rac1 Rfd8 14. Be5 cxd4 15. Bxd4 {½-½ (23) Recuero Guerra,D (2467)-Narciso Dublan,M (2539) Don Benito 2012}) 13... Nc7 14. Rac1 cxd4 15. Bxd4 Rfd8 16. Qb3 Ne6 17. Nb5 Nc5 18. Qe3 Qd7 19. Bxf6 (19. a4 $5) 19... Bxf6 20. Nbd4 Re8 21. Qf4 Bg7 22. b4 $1 {[%cal Rb4c5]} Re4 23. Qd2 Ne6 24. Nxe6 Rxe6 25. e3 Ree8 26. Nd4 Rac8 27. Bf1 {Hoping for Bb5.} a6 28. Rxc8 Rxc8 29. Rc1 Rc7 30. Rxc7 Qxc7 31. Bd3 Kf8 32. Be2 Bf6 {Accuracy: White = 33%, Black = 59%.} 1/2-1/2

[Event "3rd Sharjah Masters 2019"]
[Site "Sharjah"]
[Date "2019.03.24"]
[Round "3.16"]
[White "Wang, Hao"]
[Black "Darini, Pouria"]
[Result "1-0"]
[WhiteElo "2718"]
[BlackElo "2474"]
[Annotator "TA"]
[PlyCount "51"]
[EventDate "2019.03.22"]
[EventType "swiss"]
[EventCountry "UAE"]
[SourceTitle "playchess.com"]
[Source "ChessBase"]
[SourceQuality "1"]

{[%evp 15,51,27,27,27,33,25,38,25,31,22,31,16,44,40,42,39,42,48,37,31,29,41,42,39,47,45,71,54,161,177,162,163,172,164,197,185,177,177]} 1. e4 c5 2. Nf3 d6 3. d4 cxd4 4. Nxd4 Nf6 5. Nc3 a6 6. Be3 e5 7. Nb3 Be6 8. f3 h5 9. Nd5 {B90: Sicilian Najdorf: Unusual White 6th moves, 6 Be3 Ng4 and 6 Be3 e5} Bxd5 10. exd5 Nbd7 {[%cal Bb8d7,Bd7b6,Bb6d5,Bd5f4][%mdl 32]} 11. Qd2 {White is slightly better.} g6 12. Be2 Bg7 13. O-O-O a5 14. a4 O-O 15. g4 Nb6 16. gxh5 Nxh5 17. Bb5 {[#]} ({Reject} 17. Nxa5 Nxa4 18. Nb3 Qd7 $17) 17... Qc7 $146 ({Predecessor:} 17... Nf6) 18. Qc3 Qd8 19. Kb1 Nf6 20. Bg5 Nbxd5 21. Qd2 {Qxd5! is the strong threat.} Qc7 {[#]} (21... Nc7 $14) 22. h4 $1 $18 {White is clearly better.} Nf4 23. Qxd6 Qxd6 24. Rxd6 N6d5 25. Rd7 Rfc8 26. Rxb7 {Accuracy: White = 90%, Black = 70%.} 1-0

[Event "3rd Sharjah Masters 2019"]
[Site "Sharjah"]
[Date "2019.03.24"]
[Round "3.17"]
[White "Akshat, Khamparia"]
[Black "Fedoseev, Vladimir"]
[Result "0-1"]
[WhiteElo "2415"]
[BlackElo "2715"]
[Annotator "TA"]
[PlyCount "58"]
[EventDate "2019.03.22"]
[EventType "swiss"]
[EventCountry "UAE"]
[SourceTitle "playchess.com"]
[Source "ChessBase"]
[SourceQuality "1"]

{[%evp 10,58,45,39,48,39,40,52,41,46,55,22,22,4,10,0,16,0,0,-13,0,-31,-33,-37,-32,-66,-65,-87,-51,-48,-45,-81,-69,-93,-89,-76,-85,-120,-77,-79,-76,-91,-90,-222,-198,-307,-286,-355,-355,-352,-339]} 1. d4 f5 2. Bg5 h6 3. Bh4 g5 4. Bg3 Nf6 5. e3 d6 6. h4 g4 {A80: Dutch Defence: Unusual White second moves} 7. h5 Bg7 8. Ne2 Be6 {White is slightly better.} 9. Nf4 Bf7 10. Bd3 (10. Bb5+ c6 11. Bd3 Qd7 12. Nc3 Na6 13. a3 Nc7 14. Qe2 {1-0 (59) Predke,A (2604)-Potapov,P (2515) Khanty-Mansiysk 2018}) 10... Qd7 11. c3 $146 ({Predecessor:} 11. Nd2 Nc6 12. c3 e5 13. Ng6 Rg8 14. Qc2 {0-1 (21) Sawaski,J-Degiorgis,G IECC email 1997}) 11... Nc6 {[%cal Bb8c6,Bc6e5,Be5d3][%mdl 32]} 12. Qc2 e6 13. d5 Ne5 14. dxe6 Bxe6 15. Nd2 Nxd3+ 16. Qxd3 Bf7 17. f3 O-O 18. Kf2 a5 19. Nb3 c5 {Hoping for ...c4.} 20. Nd2 d5 21. Rad1 b5 22. Ng6 Rfe8 23. Nf1 {[#]} Nxh5 $1 {[%mdl 512]} 24. Nf4 {[#]} (24. Rxh5 Bxg6) 24... Nf6 $1 $36 {[%mdl 2048] Black has strong initiative.} 25. Bh4 {[#]} d4 $1 26. cxd4 (26. exd4 $17 Bc4 27. Qd2) 26... cxd4 $19 27. b3 (27. Kg1 $142) 27... Nd5 {Strongly threatening ...Rxe3.} 28. Nxd5 Bxd5 ({Don't do} 28... Qxd5 29. exd4 f4 30. Kg1 $19) 29. exd4 {intending Ne3.} f4 {Accuracy: White = 40%, Black = 88%.} 0-1

[Event "3rd Sharjah Masters 2019"]
[Site "Sharjah"]
[Date "2019.03.24"]
[Round "3.18"]
[White "Kryvoruchko, Yuriy"]
[Black "Asgarizadeh, Ahmad"]
[Result "1-0"]
[WhiteElo "2680"]
[BlackElo "2434"]
[Annotator "TA"]
[PlyCount "77"]
[EventDate "2019.03.22"]
[EventType "swiss"]
[EventCountry "UAE"]
[SourceTitle "playchess.com"]
[Source "ChessBase"]
[SourceQuality "1"]

{[%evp 27,77,26,13,11,18,12,15,30,18,18,18,0,0,0,0,0,27,23,8,8,16,14,16,0,30,0,38,0,127,91,193,200,195,212,202,198,187,187,211,194,221,242,235,242,285,293,1837,1822,1556,1178,1206,1201]} 1. e4 e5 2. Nf3 Nc6 3. Bb5 a6 4. Ba4 Nf6 5. O-O Be7 6. Re1 b5 7. Bb3 d6 8. c3 O-O 9. h3 Na5 10. Bc2 c5 11. d4 Nd7 12. Nbd2 exd4 13. cxd4 Nc6 14. d5 Nce5 15. a4 {C96: Closed Ruy Lopez: Chigorin Defence: 11 d4, replies other than 11...Qc7} (15. Nxe5 Nxe5 16. f4 Ng6 17. Nf3 Bh4 18. Nxh4 Qxh4 19. Rf1 f5 20. e5 dxe5 21. fxe5 Nxe5 22. Bf4 Nc4 {0-1 (52) Steinberg,N (2532)-Jakovenko,D (2735) St Petersburg 2018}) 15... Rb8 16. Nxe5 Nxe5 17. f4 {The position is equal.} Ng6 18. Nf3 Bh4 19. Rf1 Bg3 20. f5 Ne5 21. Ng5 h6 {[#]} 22. f6 $1 $36 {[%mdl 2560] White has good play.} gxf6 23. Nf3 $146 Kg7 $1 24. Ra3 b4 {[#]} 25. Nxe5 $1 {[%mdl 512]} Bxe5 (25... dxe5 26. Rxg3+) 26. Raf3 Rh8 27. Bf4 {Strongly threatening Bxe5.} Rb7 (27... Bxb2 $11 28. Qe1 Kf8) 28. Qe1 Bxf4 (28... Bd4+ $16 29. Kh1 Kf8) 29. Rxf4 $18 f5 {[#]} 30. e5 $1 {[%cal Re5e6]} ({Resist} 30. exf5 $6 Qf6 $16) 30... dxe5 31. Qxe5+ {[%mdl 64] Double Attack} f6 32. Qe3 Qd6 33. Qg3+ Kh7 34. Qg4 Rg8 35. Bxf5+ Bxf5 36. Qxf5+ {[%mdl 64] Double Attack} Rg6 $2 (36... Kh8 37. Qxf6+ Qxf6 38. Rxf6 Rd8 39. Rxa6 Rxd5 40. Rxh6+ Kg7) 37. Rg4 {White is clearly winning.} Rbg7 38. Re1 Qd7 39. Re6 {[%mdl 64] Double Attack. Accuracy: White = 76%, Black = 56%.} 1-0

[Event "3rd Sharjah Masters 2019"]
[Site "Sharjah"]
[Date "2019.03.24"]
[Round "3.19"]
[White "Sjugirov, Sanan"]
[Black "Buksa, Nataliya"]
[Result "1-0"]
[WhiteElo "2667"]
[BlackElo "2416"]
[Annotator "TA"]
[PlyCount "69"]
[EventDate "2019.03.22"]
[EventType "swiss"]
[EventCountry "UAE"]
[SourceTitle "playchess.com"]
[Source "ChessBase"]
[SourceQuality "1"]

{[%evp 15,68,11,10,10,9,11,27,0,41,34,39,41,38,43,48,37,58,48,72,78,91,63,66,0,96,87,113,93,89,72,186,189,579,559,584,369,335,360,530,541,564,529,1262,1264,1299,1283,1265,1199,29991,29992,29992,29993,29998,29999,29999]} 1. d4 Nf6 2. c4 e6 3. Nc3 d5 4. cxd5 exd5 5. Bg5 c6 6. e3 Nbd7 {[%cal Bb8d7,Bd7f8,Bf8e6][%mdl 32]} 7. Bd3 Be7 8. Nge2 Nf8 9. O-O {D35: Queen's Gambit Declined: Exchange Variation} Ne6 10. Bh4 O-O (10... g6 11. b4 a6 12. Na4 O-O 13. Nc5 Ng7 14. Rc1 Nfe8 15. Bxe7 Qxe7 16. a4 Nd6 {½-½ (43) Ding,L (2813)-Fedoseev,V (2724) Wijk aan Zee 2019}) 11. b4 {White has an edge.} g6 (11... g5 $5 12. Bg3 $8 Bxb4 $11) 12. b5 $146 ({Predecessor:} 12. Rb1 a6 13. f3 Nh5 14. Bf2 f5 15. a4 Bd6 16. Qb3 Kg7 {1-0 (41) Berkes,F (2658)-Izsak,G (2444) Dresden 2014}) 12... Nh5 13. Bxe7 Qxe7 14. bxc6 bxc6 15. Qa4 $36 {[%mdl 2048] Black is under pressure.} Nd8 16. Rab1 Ng7 17. Nf4 Bf5 18. Qa6 Bc8 19. Qa4 Bf5 $1 20. Rfe1 h5 21. Bxf5 Nxf5 22. e4 Qd6 (22... dxe4 $16 23. Rxe4 Qc7) 23. Nxh5 $18 ({Don't take} 23. exf5 $6 Qxf4 24. Re5 Qd2 $14) 23... dxe4 $2 {[#]} (23... Ne7 {is tougher.}) 24. Nxe4 Qc7 25. Nhf6+ Kg7 26. Rbc1 Qf4 (26... Qb6 $142 27. Qa3 Ne6) 27. d5 Rh8 28. g3 Qh6 29. Ng4 Qh3 30. Ng5 Qh5 31. Qf4 f6 32. Qc7+ {[%mdl 64] [#] Double Attack. White mates.} Kf8 33. Qd7 {[%csl Gd7][%cal Re1e8]} Ng7 34. Qe7+ {[%mdl 64] Double Attack} Kg8 35. Nxf6# {Accuracy: White = 71%, Black = 22%.} 1-0

[Event "3rd Sharjah Masters 2019"]
[Site "Sharjah"]
[Date "2019.03.24"]
[Round "3.20"]
[White "Firouzja, Alireza"]
[Black "Sundararajan, Kidambi"]
[Result "1-0"]
[WhiteElo "2657"]
[BlackElo "2413"]
[Annotator "TA"]
[PlyCount "109"]
[EventDate "2019.03.22"]
[EventType "swiss"]
[EventCountry "UAE"]
[SourceTitle "playchess.com"]
[Source "ChessBase"]
[SourceQuality "1"]

{[%evp 27,108,31,37,29,43,31,51,48,69,35,50,50,46,68,61,13,13,8,60,50,71,35,77,73,96,70,77,17,12,21,16,17,20,12,13,17,15,17,104,73,85,77,266,257,355,367,363,338,401,314,384,388,373,379,431,426,429,403,442,423,553,537,547,443,581,574,761,591,1025,446,660,609,903,613,617,605,4910,4818,29989,29990,29990,29991,29999]} 1. e4 e5 2. Nf3 Nc6 3. Bb5 a6 4. Ba4 Nf6 5. O-O Be7 6. Re1 b5 7. Bb3 d6 8. c3 O-O 9. h3 Na5 10. Bc2 c5 11. d4 Qc7 12. Nbd2 {[%cal Bb1d2,Bd2f1,Bf1e3][%mdl 32]} Bd7 13. Nf1 Nc4 14. b3 Nb6 15. a4 {C97: Closed Ruy Lopez: Chigorin Defence: 11 d4 Qc7, sidelines} (15. Ne3 c4 16. Ba3 Rfe8 17. Qd2 Bf8 18. bxc4 Nxc4 19. Nxc4 bxc4 20. Rab1 Rab8 21. Rxb8 Rxb8 22. Bb4 h6 23. Rd1 {½-½ (39) So,W (2775)-Carlsen,M (2834) Doha 2015}) 15... bxa4 16. bxa4 Rfe8 $146 ({Predecessor:} 16... cxd4 17. cxd4 exd4 18. Nxd4 d5 19. e5 Ne4 20. Ne3 Bb4 21. a5 Bxe1 22. Bxe4 dxe4 23. axb6 Qxe5 {0-1 (41) Sukovic,A (2203)-Ivanovic,B (2398) Bar 2018}) 17. Ne3 {White is slightly better.} a5 18. Rb1 Bf8 19. dxe5 dxe5 20. c4 Bc6 21. Nd5 (21. Nd2 {is more complex.} Reb8 22. Bb2 Nfd7 23. Nd5 Qd8 24. Re3) 21... Bxd5 $1 22. cxd5 Nfd7 ({Black should play} 22... c4 $11) 23. Bd2 $14 Nc4 24. Bd3 Na3 25. Rc1 c4 26. Bf1 Rab8 27. Bc3 (27. Re3 $16) 27... Nc5 $1 $11 28. Nd2 Nb3 $1 {[%cal Rb3c1]} 29. Nxb3 cxb3 30. Bb2 $36 {[%mdl 2048] White has good play.} Qd7 31. Bd3 {Threatening Rc6.} Qxa4 32. Ra1 $1 f6 (32... Nc4 $1 $11) 33. Bf1 {[#] And now d6 would win.} Bd6 34. Qg4 Rb7 $2 (34... Rbc8 $16) 35. Rec1 $18 f5 36. Qxf5 Rf7 37. Qg4 Rf4 38. Qg3 Ref8 39. f3 R4f6 40. Kh1 Rg6 41. Qe1 Rb8 42. Qf2 Rf6 43. Bd3 Rf7 44. Rc6 Bf8 45. Qf1 Rfb7 46. Qc1 Rb6 47. Bxa3 Bxa3 48. Qxa3 (48. Rxb6 $142 Rxb6 49. Qc8+ Kf7 50. Qc7+ {[%mdl 64] Double Attack} Kf8 51. Qxb6) 48... Qd4 (48... Qxa3 $142 49. Rxa3 b2 50. Rxb6 Rxb6 51. Rxa5 b1=Q+ 52. Bxb1 Rxb1+ 53. Kh2 Rb6) 49. Rxb6 Rxb6 50. Rd1 b2 51. d6 Rxd6 {[#]} 52. Bc4+ $1 {[%mdl 576] Pin} Kh8 (52... Qxc4 53. Qxd6) 53. Rxd4 {White mates.} ({Stronger than} 53. Qxd6 Qxd6 54. Rxd6 b1=Q+ 55. Kh2 g6 $17) 53... b1=Q+ 54. Kh2 Rxd4 55. Qf8# {Accuracy: White = 74%, Black = 34%.} 1-0

[Event "3rd Sharjah Masters 2019"]
[Site "Sharjah"]
[Date "2019.03.24"]
[Round "3.21"]
[White "Mendonca, Leon Luke"]
[Black "Adly, Ahmed"]
[Result "0-1"]
[WhiteElo "2446"]
[BlackElo "2611"]
[Annotator "TA"]
[PlyCount "76"]
[EventDate "2019.03.22"]
[EventType "swiss"]
[EventCountry "UAE"]
[SourceTitle "playchess.com"]
[Source "ChessBase"]
[SourceQuality "1"]

{[%evp 15,76,-17,0,-12,-13,-28,0,-41,-37,-39,-33,-48,-39,-65,-57,-60,-66,-82,-49,-46,-46,-52,-46,-59,-56,-89,-86,-92,-90,-98,-33,-76,-76,-164,-164,-212,-96,-97,0,-199,-198,-231,-231,-231,-231,-234,-231,-214,-204,-225,-210,-227,-192,-306,-277,-489,-418,-784,-784,-780,-772,-805,-775]} 1. d4 Nf6 2. c4 e6 3. Nc3 Bb4 4. e3 O-O 5. Bd3 d5 6. cxd5 exd5 7. Nge2 Re8 8. O-O Bd6 9. Nf4 {E48: Nimzo-Indian: Rubinstein: 5 Bd3 d5 including 6 Ne2, but excluding 6 a3} (9. Bd2 Nbd7 10. Rc1 a6 11. Ng3 Nf8 12. Nce2 Ne4 13. Be1 c6 14. a4 Nxg3 15. Nxg3 a5 16. Qb3 g6 {½-½ (50) Yu,Y (2765)-Leko,P (2690) Porto Carras 2018}) 9... c6 10. h3 $146 ({Predecessor:} 10. f3 b6 11. Kh1 Qc7 12. g4 Bxf4 13. exf4 Ba6 14. f5 Bxd3 15. Qxd3 Nbd7 16. Ne2 c5 {1-0 (29) Peralta,F (2559)-Melia,S (2404) Caleta 2018}) 10... Nbd7 11. Qf3 {The position is equal.} Nf8 12. Bd2 Qe7 13. Rad1 Ne4 14. Bb1 f5 15. Nxe4 fxe4 16. Qe2 Qg5 17. f3 Bf5 18. fxe4 Bxe4 19. Bxe4 Rxe4 20. Qf3 Ng6 21. Nxg6 Qxg6 22. Rde1 Bg3 (22... Rf8 $17 23. Qd1 Ree8 24. Rxf8+ Rxf8) 23. Re2 Rae8 24. a3 (24. Bc1 $17) 24... h6 $1 $19 25. Be1 Bc7 (25... Bd6 $1 $19 {and Black stays clearly on top. Hoping for ...Rf8.} 26. h4 Qe6) 26. Bd2 $17 {[#]} Bg3 (26... Bf4 $1 $17 {[%mdl 512]}) 27. Be1 $1 $19 {[%cal Re1g3] [#]} Bd6 $1 {Strongly threatening ...Rf8.} 28. Bb4 Rf8 $1 {[%cal Rf8f3]} 29. Qxf8+ Bxf8 30. Rxf8+ Kh7 31. Rf3 Qe6 32. Kf1 b6 {[%cal Bb7b6,Bb6c5][%mdl 32]} 33. Bd2 c5 34. dxc5 (34. Bc3 $142) 34... bxc5 35. Ref2 $2 (35. Re1 {was necessary.}) 35... Qb6 36. Bc1 (36. Be1 $142) 36... Rc4 {Black is clearly winning.} 37. Bd2 Qxb2 38. Kg1 Rc2 {Accuracy: White = 31%, Black = 61%.} 0-1